00456nam a2200145Ia 4500008004100000020001500041041000800056082001500064100002100079245012800100250000600228260003600234300000800270650003200278210716s2004 xx 000 0 und d a8178294575 aeng a658.7 MENJ aMentzer, John T. aFundamentals of supply chain management: Twelve drivers of competitive advantage.bTwelve drivers of competitive advantage. a1 aNew DelhibResponse Booksc2004 a291 aMaterials Management(658.7)